Vuelos espaciales y ciencia ficción /

Bibliographic Details
Main Authors: Isaza Delgado, José Fernando (Author), Campos Romero, Diógenes (Author)
Format: Electronic eBook
Language:Spanish
Published: Bogotá : Editorial UTADEO, [2021]
Subjects:
Online Access:Digitalia Hispánica

MARC

LEADER 00000nam a2200000Ii 4500
001 DIGEJTLOZ213
003 NyNyDIG
006 m o d
007 cr |||||||||||
008 250204s2021 ck a ob 001 0 spa d
035 |a (OCoLC)1263873833 
040 |a DGITA  |b eng  |e rda  |e pn  |c DGITA 
020 |a 9789587253122  |q (ePub) 
020 |a 9789587253115  |q (digital) 
020 |z 9789587253108  |q (impreso) 
024 7 |a https://doi.org/10.21789/9789587253108  |2 doi 
050 1 4 |a TL793 ebook 
100 1 |a Isaza Delgado, José Fernando,  |e author. 
245 1 0 |a Vuelos espaciales y ciencia ficción /  |c José Fernando Isaza Delgado, Diógenes Campos Romero. 
264 1 |a Bogotá :  |b Editorial UTADEO,  |c [2021] 
300 |a 1 online resource :  |b illustrations. 
336 |a text  |b txt  |2 rdacontent 
337 |a computer  |b c  |2 rdamedia 
338 |a online resource  |b cr  |2 rdacarrier 
347 |a text file  |2 rdaft 
347 |b PDF 
504 |a Includes bibliographical references and index. 
588 0 |a Online resource; title from PDF title page (Digitalia, viewed February 4, 2025) 
650 0 |a Interplanetary voyages. 
650 0 |a Physics and the arts. 
650 0 |a Science fiction. 
650 0 |a Astronautics. 
700 1 |a Campos Romero, Diógenes,  |e author. 
791 2 |a Digitalia (Firm),  |e distributor. 
793 0 |g Digitalia eBook Collection:  |a Editorial Jorge Tadeo Lozano 
776 0 8 |i Print version:  |a Isaza Delgado, José Fernando.  |t Vuelos espaciales y ciencia ficción.  |d Bogotá : Editorial UTADEO, [2021]  |z 9789587253108 
856 4 0 |3 Digitalia Hispánica  |u https://www.digitaliapublishing.com/a/170598/ 
910 |a Premium collection: 2025